000 00609nam a2200169Ia 4500
003 GCL
008 140319s9999 xx 000 0 ara d
040 _aGCL /
_cGCL
082 0 4 _aط
_b813.0872
_bر ل
100 1 _aرجاء عبدالله
245 1 0 _aلغز الماسة السوداء أ 9 /
_cرجاء عبدالله
300 _aلtأtحtـtدt,t t2
650 0 4 _aالاطفال
650 0 4 _aالقصص البوليسية
650 0 4 _aقصص الاطفال
942 _2ddc
_cBK
999 _c50848
_d50848